Datum a čas kvízu
32.5
Celkem bodů
Celkový počet nahraných bodů na tomto kvízu bez doplňovacích otázek.
3.
Pořadí na kvízu
Konečné umístění týmu na tomto kvízu.
Zaznamenané odpovědi
| # | Otázka | Odpověď | Body | Výsledky |
|---|---|---|---|---|
| 1. | V pondělí jsme se dozvěděli, ž... | nedodržení bezpečné vzdálenosti | 0 | |
| 2. | Zaměstnanec letiště Johna F. K... | C) živá kočka | 1 | |
| 3. | V úterý se v pražském Kině Luc... | Král Šumavy | 1 | |
| 4. | V pondělí, po pěti dnech letu,... | Orion | 1 | |
| 5. | V jednom z pátečních zápasů pr... | Walesu | 0 | |
| 6. | V následujících pěti otázkách... | C) 5,68 půllitrů | 0 | |
| 7. | Která z následujících jednotek... | B | 1 | |
| 8. | Na lidské tělo, jehož odpor je... | 300 V | 1 | |
| 9. | Přiřaďte tyto jednotky k přísl... | 1A 2D 3C 4B | 1 | |
| 10. | Uzel je jednotka rychlosti pou... | B | 1 |